00647nam a22002297a 450000500170000001000130001702000110003003500130004103700160005404000120007008200180008210000180010024500620011825000110018026000390019127000470023030000200027749000720029750000200036965000090038965000190039820170124110233.0 aB-064000 c550.00 aB-064000 bCen Lib/Ret aDPLbEN a346.0482bNAR aNarayanan, P. aLaw of copyright and industrial design /cby P. Narayanan a2nd ed aNew DelhibEastern law Housec1995 bNew Delhia36 Netaji Subhash Marg e110002 a696p.c22cm(Hb) aA series an encyclopaedic dictionary of Indian history and culture  aIncludes index  aLaw  aCopyright law